000 00559nam a2200217 i 4500
001 14575
003 ES-MaACL
005 20230906150837.0
007 t|
008 990426s1994 sp ||||1| spa d
020 _a84-87424-06-6
080 _a821.134.2-14"19"
100 1 _aRamos, Elica.
_995249
245 1 0 _aCuévano /
_cElica Ramos.
260 _aGran Canaria :
_bHeca,
_c1993.
300 _a83 p. ;
_c18 cm.
490 1 _aSargazos ;
_v2
830 0 _aSargazos ;
_v2
_9228515
852 _aES-MaACL
_jL-21778
_bR.123001
999 _c14575
_d14575